000 00649nam a2200217 i 4500
001 32735
003 ES-MaACL
005 20230906154627.0
007 t|
008 030131s1956 sp ||||1| spa d
100 1 _aBerto, Giuseppe.
_928474
245 1 3 _aEl cielo está rojo /
_cGiuseppe Berto ; [traducción de Arístides Gamboa].
250 _a[1ª ed.].
260 _aBarcelona :
_bJosé Janés,
_c[1956] (
_fMiguza)
300 _a309 p. ;
_c17 cm.
490 1 _aEl club de los lectores
700 1 _aGamboa, Aristides.
_953763
830 0 _aEl club de los lectores
_9181015
852 _aES-MaACL
_jC-11672
_bR.39240
999 _c32735
_d32735